Municipios de Castilla-La Mancha (con un mapa) - Estadísticas

Estadísticas generales
  • Esta prueba ha sido intentada 353 veces
  • La puntuación promedio es 129 de 919
Respuestas en el mapa
Las respuestas están codificadas por una escala verde-roja en el mapa de la prueba según el % correcto abajo.
 
Estadísticas de respuestas
Respuesta % Correcto
Albacete
91%
Guadalajara
91%
Toledo
91%
Cuenca
90%
Ciudad Real
89%
Talavera de la Reina
83%
Villar de Cañas
80%
Villar de Domingo García
80%
Villar de la Encina
80%
Villar del Humo
80%
Villar del Infantado
80%
Villar del Pozo
80%
Villar de Olalla
80%
Villar y Velasco
80%
Puerto de San Vicente
75%
Tomelloso
75%
Alcázar del Rey
73%
Alcázar de San Juan
73%
El Robledo
73%
Illescas
70%
Puertollano
70%
Hellín
68%
Villarrobledo
68%
Almansa
66%
Manzanares
65%
Valdepeñas
65%
Daimiel
64%
La Roda
64%
Ocaña
63%
Tarancón
62%
Sigüenza
61%
Seseña
60%
Azuqueca de Henares
58%
Villanueva de Alcardete
57%
Villanueva de Alcorón
57%
Villanueva de Argecilla
57%
Villanueva de Bogas
57%
Villanueva de Guadamejud
57%
Villanueva de la Fuente
57%
Villanueva de la Jara
57%
Villanueva de la Torre
57%
Villanueva de los Infantes
57%
Villanueva de San Carlos
57%
Fuente-Álamo
55%
Fuente de Pedro Naharro
55%
Fuente el Fresno
55%
Campo de Criptana
53%
Almagro
51%
Molina de Aragón
50%
Miguelturra
49%
Consuegra
47%
Madridejos
46%
Chinchilla de Monte-Aragón
44%
La Puebla de Almoradiel
44%
La Puebla de Montalbán
44%
Puebla de Don Rodrigo
44%
Quintanar de la Orden
44%
Quintanar del Rey
44%
Casas de Benítez
43%
Casas de Fernando Alonso
43%
Casas de Garcimolina
43%
Casas de Guijarro
43%
Casas de Haro
43%
Casas de Juan Núñez
43%
Casas de Lázaro
43%
Casas de los Pinos
43%
Casas de San Galindo
43%
Casas de Ves
43%
Casas-Ibáñez
43%
La Solana
43%
Mora
43%
Santa Cruz de la Zarza
43%
Santa Cruz de los Cáñamos
43%
Santa Cruz del Retamar
43%
Santa Cruz de Moya
43%
Santa Cruz de Mudela
43%
Brihuega
41%
El Casar
41%
Ruidera
40%
Torrijos
40%
Yepes
40%
Oropesa
39%
Almadén
38%
El Toboso
37%
Alovera
36%
Alcalá de la Vega
35%
Alcalá del Júcar
35%
Almodóvar del Campo
35%
Mota de Altarejos
35%
Mota del Cuervo
35%
San Clemente
35%
Socuéllamos
35%
Caudete
33%
La Gineta
33%
Argamasilla de Alba
32%
Argamasilla de Calatrava
32%
Huete
32%
Iniesta
32%
Las Pedroñeras
32%
Los Yébenes
32%
Puerto Lápice
32%
Tembleque
32%
Cabanillas del Campo
30%
Motilla del Palancar
30%
Puebla de Almenara
30%
Puebla de Beleña
30%
Puebla del Príncipe
30%
Puebla del Salvador
30%
Puebla de Valles
30%
Alcaraz
29%
Belmonte
29%
Cifuentes
29%
Sonseca
29%
Yuncos
29%
Bolaños de Calatrava
28%
Fuentealbilla
28%
Santa María del Campo Rus
28%
Santa María de los Llanos
28%
Santa María del Val
28%
Letur
27%
Malagón
27%
Robledo
27%
Robledo de Corpes
27%
Robledo del Mazo
27%
Tobarra
27%
Villacañas
27%
Calzada de Calatrava
26%
Pozo Cañada
26%
Pozo de Almoguera
26%
Pozo de Guadalajara
26%
Pozo-Lorente
26%
Alcolea de Calatrava
25%
Alcolea de las Peñas
25%
Alcolea del Pinar
25%
Alcolea de Tajo
25%
Cebolla
25%
Ossa de Montiel
25%
Pepino
25%
San Martín de Boniches
25%
San Martín de Montalbán
25%
San Martín de Pusa
25%
Uclés
25%
Ugena
25%
Yeles
25%
Yuncler
25%
Hita
24%
Riópar
24%
San Pedro
24%
San Pedro Palmiches
24%
Tarazona de la Mancha
24%
Almuradiel
23%
Elche de la Sierra
23%
Herencia
23%
Horcajo de los Montes
23%
Horcajo de Santiago
23%
Montiel
23%
Numancia de la Sagra
23%
Quer
23%
Valmojado
23%
Alarcón
22%
Añover de Tajo
22%
Bonete
22%
Orgaz
22%
Viso del Marqués
22%
Barrax
21%
Campillo de Dueñas
21%
Campillo de Ranas
21%
Jadraque
21%
Pedro Muñoz
21%
Villarrubia de los Ojos
21%
Yunclillos
21%
Alhambra
20%
Belinchón
20%
Borox
20%
Brazatortas
20%
Calera y Chozas
20%
Carranque
20%
Corral de Almaguer
20%
Fuencaliente
20%
Liétor
20%
Membrilla
20%
Miguel Esteban
20%
Mondéjar
20%
Ontígola
20%
San Carlos del Valle
20%
Urda
20%
Valverde de Júcar
20%
Valverde de los Arroyos
20%
Yeste
20%
Zarza de Tajo
20%
Arenas de San Juan
19%
Atienza
19%
Casarrubios del Monte
19%
Castillo-Albaráñez
19%
Castillo de Bayuela
19%
Castillo de Garcimuñoz
19%
El Bonillo
19%
El Pozuelo
19%
Escalona
19%
Fuentes
19%
Las Navas de Jadraque
19%
Las Ventas con Peña Aguilera
19%
Las Ventas de Retamosa
19%
Las Ventas de San Julián
19%
Minaya
19%
Noblejas
19%
Pastrana
19%
Sacedón
19%
San Pablo de los Montes
19%
Santa Ana de Pusa
19%
Almonacid del Marquesado
18%
Almonacid de Toledo
18%
Almonacid de Zorita
18%
Balazote
18%
El Peral
18%
El Viso de San Juan
18%
Lillo
18%
Maqueda
18%
Navas de Estena
18%
Navas de Jorquera
18%
Pantoja
18%
Pozuelo
18%
Quero
18%
Torija
18%
Villafranca de los Caballeros
18%
Villalba de la Sierra
18%
Villalba del Rey
18%
Villarta
18%
Almorox
17%
Anchuras
17%
Beteta
17%
Camuñas
17%
Dosbarrios
17%
Llanos del Caudillo
17%
Méntrida
17%
Munera
17%
Trillo
17%
Alpera
16%
Argés
16%
Bargas
16%
Cabañas de la Sagra
16%
Cabañas de Yepes
16%
Cañada de Calatrava
16%
Cañada del Hoyo
16%
Cañada Juncosa
16%
Esquivias
16%
Fuensalida
16%
Granátula de Calatrava
16%
La Guardia
16%
Minglanilla
16%
Mocejón
16%
Nerpio
16%
Palomeque
16%
Retuerta del Bullaque
16%
San Lorenzo de Calatrava
16%
San Lorenzo de la Parrilla
16%
Uña
16%
Villarejo de Fuentes
16%
Villarejo de la Peñuela
16%
Villarejo-Periesteban
16%
Villasequilla
16%
Abenójar
15%
Carrión de Calatrava
15%
El Provencio
15%
El Romeral
15%
Gálvez
15%
Honrubia
15%
Las Mesas
15%
Marchamalo
15%
Navahermosa
15%
Olías del Rey
15%
Piedrabuena
15%
Polán
15%
Saelices
15%
Saelices de la Sal
15%
Torralba
15%
Torralba de Calatrava
15%
Torralba de Oropesa
15%
Tragacete
15%
Villamayor de Calatrava
15%
Villamayor de Santiago
15%
Ayna
14%
Graja de Campalbo
14%
Graja de Iniesta
14%
Huerta de la Obispalía
14%
Huerta del Marquesado
14%
Huerta de Valdecarábanos
14%
Lagartera
14%
Los Navalmorales
14%
Los Navalucillos
14%
Moral de Calatrava
14%
Ontur
14%
Turleque
14%
Villamanrique
14%
Castellar de la Muela
13%
Castellar de Santiago
13%
Cazalegas
13%
Chiloeches
13%
Cobisa
13%
Cózar
13%
El Ballestero
13%
El Puente del Arzobispo
13%
Fernán Caballero
13%
Fontanar
13%
Hinojosa de San Vicente
13%
Hinojosas de Calatrava
13%
Illán de Vacas
13%
La Villa de Don Fadrique
13%
Lezuza
13%
Magán
13%
Mazarambroz
13%
Menasalbas
13%
Montalbo
13%
Nambroca
13%
Osa de la Vega
13%
Pioz
13%
Pulgar
13%
Trijueque
13%
Villatobas
13%
Villaverde de Guadalimar
13%
Agudo
12%
Ajofrín
12%
Albaladejo
12%
Aldea del Rey
12%
Arenales de San Gregorio
12%
Balsa de Ves
12%
Bienservida
12%
Buendía
12%
Burguillos de Toledo
12%
Camarena
12%
Casasimarro
12%
Cedillo del Condado
12%
Chillón
12%
Chueca
12%
Corral de Calatrava
12%
Guadamur
12%
La Almarcha
12%
Layos
12%
Madrigueras
12%
Navamorcuende
12%
Nombela
12%
Novés
12%
Paredes
12%
Paredes de Escalona
12%
Paredes de Sigüenza
12%
Poblete
12%
Porzuna
12%
Recas
12%
Villamalea
12%
Villaseca de Henares
12%
Villaseca de Uceda
12%
Yunquera de Henares
12%
Zorita de los Canes
12%
Aldeanueva de Barbarroya
11%
Aldeanueva de Guadalajara
11%
Aldeanueva de San Bartolomé
11%
Arcas
11%
Bogarra
11%
Cabezamesada
11%
Camarenilla
11%
Cañete
11%
Carrascosa
11%
Carrizosa
11%
Cuerva
11%
Escalonilla
11%
Gerindote
11%
Hontanar
11%
Landete
11%
Las Labores
11%
Lominchar
11%
Los Cortijos
11%
Luciana
11%
Manzaneque
11%
Marjaliza
11%
Mascaraque
11%
Mira
11%
Navalcán
11%
Noez
11%
Rielves
11%
San Bartolomé de las Abiertas
11%
Santa Olalla
11%
Sisante
11%
Torre de Juan Abad
11%
Totanés
11%
Tribaldos
11%
Velada
11%
Villahermosa
11%
Villaluenga de la Sagra
11%
Villarrubia de Santiago
11%
Villarta de San Juan
11%
Yebes
11%
Alatoz
10%
Carcelén
10%
Castillejo de Iniesta
10%
Castillejo-Sierra
10%
Cogolludo
10%
El Carpio de Tajo
10%
El Pedernoso
10%
El Real de San Vicente
10%
El Sotillo
10%
Guadalmez
10%
Huecas
10%
Humanes
10%
La Torre de Esteban Hambrán
10%
Los Pozuelos de Calatrava
10%
Majaelrayo
10%
Montealegre del Castillo
10%
Pareja
10%
Pelahustán
10%
Portillo de Toledo
10%
Pozohondo
10%
Quismondo
10%
Saceruela
10%
Torrenueva
10%
Villaminaya
10%
Abengibre
9%
Alameda de la Sagra
9%
Alcaudete de la Jara
9%
Alcoba
9%
Alcocer
9%
Alcubillas
9%
Almadenejos
9%
Almedina
9%
Arcicóllar
9%
Arroba de los Montes
9%
Barajas de Melo
9%
Barcience
9%
Belvís de la Jara
9%
Burujón
9%
Cabezarados
9%
Calzada de Oropesa
9%
Carmena
9%
Casasbuenas
9%
Chozas de Canales
9%
Ciruelos
9%
Cobeja
9%
El Olivar
9%
Fontanarejo
9%
Fuensanta
9%
Galápagos
9%
Higueruela
9%
Horche
9%
Hormigos
9%
Hoya-Gonzalo
9%
Illana
9%
Jorquera
9%
La Estrella
9%
La Mata
9%
Las Herencias
9%
Mahora
9%
Malpica de Tajo
9%
Masegoso
9%
Molinicos
9%
Navalpino
9%
Paterna del Madera
9%
Pétrola
9%
Picón
9%
Salobre
9%
San Román de los Montes
9%
Sevilleja de la Jara
9%
Socovos
9%
Tamajón
9%
Terrinches
9%
Villalgordo del Júcar
9%
Villamiel de Toledo
9%
Villapalacios
9%
Abia de la Obispalía
8%
Alamillo
8%
Albalate de Zorita
8%
Albarreal de Tajo
8%
Alborea
8%
Alcabón
8%
Aldea en Cabo
8%
Atalaya del Cañavate
8%
Azután
8%
Ballesteros de Calatrava
8%
Buenache de Alarcón
8%
Buenache de la Sierra
8%
Caleruela
8%
Campos del Paraíso
8%
Caracuel de Calatrava
8%
Corral-Rubio
8%
Domingo Pérez
8%
El Casar de Escalona
8%
Erustes
8%
Espinoso del Rey
8%
Férez
8%
Fuenllana
8%
Garciotum
8%
La Pueblanueva
8%
Los Cerralbos
8%
Los Hinojosos
8%
Lucillos
8%
Lupiana
8%
Mejorada
8%
Mestanza
8%
Montalvos
8%
Montearagón
8%
Motilleja
8%
Moya
8%
Nuño Gómez
8%
Otero
8%
Peñas de San Pedro
8%
Pozuelo de Calatrava
8%
Salvacañete
8%
Santo Domingo-Caudilla
8%
Sartajada
8%
Segurilla
8%
Torrejón del Rey
8%
Valenzuela de Calatrava
8%
Villa de Ves
8%
Villamuelas
8%
Villaseca de la Sagra
8%
Zafra de Záncara
8%
Albatana
7%
Alcadozo
7%
Almoguera
7%
Budia
7%
Carboneras de Guadazaón
7%
Cenizate
7%
Cervera de los Montes
7%
Chillarón del Rey
7%
El Picazo
7%
Enguídanos
7%
Golosalvo
7%
Huelves
7%
La Herrera
7%
La Iglesuela del Tiétar
7%
Maranchón
7%
Marrupe
7%
Montesclaros
7%
Povedilla
7%
Priego
7%
Retamoso de la Jara
7%
Solana del Pino
7%
Tébar
7%
Torrejoncillo del Rey
7%
Uceda
7%
Valdemanco del Esteras
7%
Villarejo de Montalbán
7%
Villatoya
7%
Abánades
6%
Alcañizo
6%
Alcantud
6%
Almodóvar del Pinar
6%
Alocén
6%
Buenaventura
6%
Cañamares
6%
Carriches
6%
Driebes
6%
El Cañavate
6%
El Hito
6%
Gabaldón
6%
Herreruela de Oropesa
6%
Huélamo
6%
La Alberca de Záncara
6%
La Nava de Ricomalillo
6%
La Olmeda de Jadraque
6%
La Recueja
6%
Ledaña
6%
Leganiel
6%
Mesegar de Tajo
6%
Mohedas de la Jara
6%
Navalmoralejo
6%
Olmeda de la Cuesta
6%
Olmeda del Rey
6%
Olmedilla de Alarcón
6%
Olmedilla de Eliz
6%
Orea
6%
Parrillas
6%
Peñascosa
6%
Peralejos de las Truchas
6%
Solera de Gabaldón
6%
Sotillo de las Palomas
6%
Talayuelas
6%
Tendilla
6%
Torrecilla de la Jara
6%
Torremocha de Jadraque
6%
Torremocha del Campo
6%
Torremocha del Pinar
6%
Torrico
6%
Valdeaveruelo
6%
Valdeganga
6%
Valdeverdeja
6%
Vianos
6%
Villares del Saz
6%
Villarrubio
6%
Villavaliente
6%
Albares
5%
Almendral de la Cañada
5%
Almendros
5%
Anguita
5%
Arbeteta
5%
Atanzón
5%
Belmontejo
5%
Cabezarrubias del Puerto
5%
Campillo de Altobuey
5%
Campillos-Paravientos
5%
Campillos-Sierra
5%
Campisábalos
5%
Cañaveras
5%
Cañizar
5%
Cantalojas
5%
Cardenete
5%
Cardiel de los Montes
5%
Cervera del Llano
5%
Checa
5%
Cotillas
5%
El Campillo de la Jara
5%
El Herrumblar
5%
Embid
5%
Hiendelaencina
5%
La Hinojosa
5%
Las Valeras
5%
Luzón
5%
Málaga del Fresno
5%
Masegosa
5%
Pajarón
5%
Pajaroncillo
5%
Palomares del Campo
5%
Palomera
5%
Poveda de la Sierra
5%
Romanones
5%
San Andrés del Congosto
5%
San Andrés del Rey
5%
Torrubia
5%
Torrubia del Campo
5%
Torrubia del Castillo
5%
Villalpardo
5%
Víllora
5%
Viveros
5%
Ablanque
4%
Alarilla
4%
Albalate de las Nogueras
4%
Algora
4%
Alhóndiga
4%
Aliaguilla
4%
Altarejos
4%
Alustante
4%
Anquela del Ducado
4%
Anquela del Pedregal
4%
Aranzueque
4%
Auñón
4%
Boniches
4%
Canalejas del Arroyo
4%
Cañaveruelas
4%
Cañizares
4%
Castejón
4%
Castejón de Henares
4%
Condemios de Abajo
4%
Condemios de Arriba
4%
Corduente
4%
Cueva del Hierro
4%
Durón
4%
El Acebrón
4%
El Cubillo de Uceda
4%
El Pedregal
4%
El Pobo de Dueñas
4%
El Recuenco
4%
El Valle de Altomira
4%
Escariche
4%
Escopete
4%
Fresneda de Altarejos
4%
Fresneda de la Sierra
4%
Fuentelencina
4%
Fuentelespino de Haro
4%
Fuentelespino de Moya
4%
Fuentenava de Jábaga
4%
Fuentenovilla
4%
Gajanejos
4%
Huérguina
4%
Hueva
4%
Laguna del Marquesado
4%
Lagunaseca
4%
La Mierla
4%
La Peraleja
4%
La Pesquera
4%
Loranca de Tajuña
4%
Los Valdecolmenas
4%
Malaguilla
4%
Mandayona
4%
Mariana
4%
Mazuecos
4%
Millana
4%
Mohernando
4%
Monreal del Llano
4%
Monteagudo de las Salinas
4%
Muduex
4%
Olivares de Júcar
4%
Paracuellos
4%
Peñalén
4%
Peñalver
4%
Peralveche
4%
Pozoamargo
4%
Pozorrubio de Santiago
4%
Reíllo
4%
Rillo de Gallo
4%
Saceda-Trasierra
4%
Salinas del Manzano
4%
Saúca
4%
Sayatón
4%
Tinajas
4%
Tórtola de Henares
4%
Tresjuncos
4%
Valdemeca
4%
Valdemoro-Sierra
4%
Vara de Rey
4%
Vellisca
4%
Villaescusa de Haro
4%
Villagarcía del Llano
4%
Villaverde y Pasaconsol
4%
Yebra
4%
Yémeda
4%
Zaorejas
4%
Zarzuela
4%
Albendea
3%
Alcohujate
3%
Alique
3%
Armallones
3%
Armuña de Tajuña
3%
Beamud
3%
Buciegas
3%
Carrascosa de Haro
3%
Centenera
3%
Chequilla
3%
Chillarón de Cuenca
3%
Chumillas
3%
Cobeta
3%
Fuentelviejo
3%
Garaballa
3%
Gascueña
3%
Gascueña de Bornova
3%
Hontanaya
3%
Hontoba
3%
Irueste
3%
Las Inviernas
3%
Las Majadas
3%
Milmarcos
3%
Narboneta
3%
Pinarejo
3%
Pineda de Gigüela
3%
Portalrubio de Guadamejud
3%
Poyatos
3%
Pozorrubielos de la Mancha
3%
Rozalén del Monte
3%
Salmerón
3%
Salmeroncillos
3%
Somolinos
3%
Tejadillos
3%
Valdeconcha
3%
Valdemorillo de la Sierra
3%
Valdeolivas
3%
Vega del Codorno
3%
Vindel
3%
Zafrilla
3%
Alaminos
2%
Albaladejo del Cuende
2%
Albendiego
2%
Alconchel de la Estrella
2%
Algar de Mesa
2%
Algarra
2%
Almadrones
2%
Angón
2%
Arandilla del Arroyo
2%
Arbancón
2%
Arcos de la Sierra
2%
Argecilla
2%
Arguisuelas
2%
Arrancacepas
2%
Baides
2%
Bañuelos
2%
Barchín del Hoyo
2%
Barriopedro
2%
Bascuñana de San Pedro
2%
Berninches
2%
Bustares
2%
Canredondo
2%
Casa de Uceda
2%
Caspueñas
2%
Castilforte
2%
Castilnuevo
2%
Ciruelas
2%
Cogollor
2%
El Cardoso de la Sierra
2%
Escamilla
2%
Espinosa de Henares
2%
Establés
2%
Estriégana
2%
Fuentelahiguera de Albatages
2%
Fuentelsaz
2%
Fuertescusa
2%
Galve de Sorbe
2%
Henarejos
2%
Henche
2%
Herrería
2%
Hijes
2%
Hombrados
2%
Hontecillas
2%
La Bodera
2%
La Cierva
2%
La Frontera
2%
La Huerce
2%
La Parra de las Vegas
2%
La Toba
2%
Ledanca
2%
Luzaga
2%
Mantiel
2%
Masegoso de Tajuña
2%
Matarrubia
2%
Miedes de Atienza
2%
Mirabueno
2%
Miralrío
2%
Monasterio
2%
Montalbanejo
2%
Montarrón
2%
Moratilla de los Meleros
2%
Ocentejo
2%
Pálmaces de Jadraque
2%
Pinilla de Molina
2%
Piqueras
2%
Portilla
2%
Rada de Haro
2%
Rebollosa de Jadraque
2%
Renera
2%
Retiendas
2%
Riba de Saelices
2%
Robledillo de Mohernando
2%
Romanillos de Atienza
2%
Rueda de la Sierra
2%
Sacecorbo
2%
Selas
2%
Setiles
2%
Sienes
2%
Solanillos del Extremo
2%
Sotorribas
2%
Taravilla
2%
Terzaga
2%
Tierzo
2%
Tordesilos
2%
Torre del Burgo
2%
Torremochuela
2%
Tortuera
2%
Traíd
2%
Utande
2%
Valdarachas
2%
Valdearenas
2%
Valdeavellano
2%
Valdegrudas
2%
Valdelcubo
2%
Valderrebollo
2%
Valdetórtola
2%
Valfermoso de Tajuña
2%
Valhermoso
2%
Valsalobre
2%
Valtablado del Río
2%
Valverdejo
2%
Villaconejos de Trabaque
2%
Villalgordo del Marquesado
2%
Villares de Jadraque
2%
Villas de la Ventosa
2%
Yélamos de Abajo
2%
Yélamos de Arriba
2%
Adobes
1%
Alcoroches
1%
Arroyo de las Fraguas
1%
Baños de Tajo
1%
Bujalaro
1%
Cendejas de Enmedio
1%
Cendejas de la Torre
1%
Cincovillas
1%
Ciruelos del Pinar
1%
Congostrina
1%
Copernal
1%
El Ordial
1%
Esplegares
1%
Fuembellida
1%
Fuencemillán
1%
Heras de Ayuso
1%
Hortezuela de Océn
1%
Huérmeces del Cerro
1%
Huertahernando
1%
Iniéstola
1%
Jirueque
1%
La Miñosa
1%
La Yunta
1%
Matillas
1%
Mazarete
1%
Medranda
1%
Megina
1%
Membrillera
1%
Mochales
1%
Morenilla
1%
Negredo
1%
Olmeda de Cobeta
1%
Pardos
1%
Pinilla de Jadraque
1%
Piqueras del Castillo
1%
Prádena de Atienza
1%
Prados Redondos
1%
Riofrío del Llano
1%
Santiuste
1%
Semillas
1%
Sotodosos
1%
Taragudo
1%
Tartanedo
1%
Tordellego
1%
Tordelrábano
1%
Torrecuadrada de Molina
1%
Torrecuadradilla
1%
Tortuero
1%
Ujados
1%
Valdenuño Fernández
1%
Valdepeñas de la Sierra
1%
Valdesotos
1%
Valhermoso de la Fuente
1%
Viana de Jadraque
1%
Villel de Mesa
1%
Viñuelas
1%
Zarzuela de Jadraque
1%
No se encontraron pruebas coincidentes
Distribución de puntuación
Porcentaje de gente con cada puntuación
Porcentaje por número respondido
Historial de tus puntuaciones
No has intentado esta prueba.